000 00476nam a22001817a 4500
003 OSt
005 20140310182210.0
008 130906t xxu||||| |||| 00| 0 eng d
020 _a9719142146
050 _aRM 184
_b.F497 1973
082 _aHS 615.8
_bF49 1973
245 _aFinger acupressure /
260 _aHongKong :
_bAn Fai Medical College,
_cc1973.
300 _a53 p. :
_bill. ;
_c18 cm.
650 _aAccupressure.
_916713
942 _2lcc
_cHS
999 _c10442
_d10442